Voluntariado : (Record no. 7348)

MARC details
000 -LEADER
fixed length control field 02646nam a22003377a 4500
003 - CONTROL NUMBER IDENTIFIER
control field AR-FvUNAJ
005 - DATE AND TIME OF LATEST TRANSACTION
control field 20220718140253.0
007 - PHYSICAL DESCRIPTION FIXED FIELD--GENERAL INFORMATION
fixed length control field cr
008 - FIXED-LENGTH DATA ELEMENTS--GENERAL INFORMATION
fixed length control field 200311e2021 ag ||||om||||001|0 spa d
040 ## - CATALOGING SOURCE
Original cataloging agency AR-FvUNAJ
Transcribing agency AR-FvUNAJ
Description conventions aacr2
041 ## - LANGUAGE CODE
Language code of text/sound track or separate title spa
100 1# - MAIN ENTRY--PERSONAL NAME
9 (RLIN) 13722
Personal name Barros, Carla Micaela
245 10 - TITLE STATEMENT
Title Voluntariado :
Remainder of title un estudio comparativo sobre los sentidos del trabajo remunerado y el trabajo voluntario, en jóvenes participantes de una ONG de Quilmes en el periodo 2019-2020 /
Statement of responsibility, etc Carla Micaela Barros
260 ## - PUBLICATION, DISTRIBUTION, ETC. (IMPRINT)
Place of publication, distribution, etc Florencio Varela:
Name of publisher, distributor, etc Universidad Nacional Arturo Jauretche,
Date of publication, distribution, etc 2021.
300 ## - PHYSICAL DESCRIPTION
Extent 47 p.
501 ## - WITH NOTE
With note Contiene Anexo: Entrevista
502 ## - DISSERTATION NOTE
Tipo de título Tesis para obtener el titulo de Licenciado/a
Nombre de la institución que otorga el título Universidad Nacional Arturo Jauretche.
520 2# - SUMMARY, ETC.
Summary, etc El presente trabajo de investigación tiene como objetivo explorar y comparar los sentidos en torno al trabajo remunerado y el trabajo voluntario en los y las jóvenes participantes de una Organización No Gubernamental (ONG) del sector salud de la ciudad de Quilmes en el período 2019-2020. Se plantean las diferencias entre ambas variantes y se hace hincapié en el voluntariado. Para esto, se explica la evolución del concepto trabajo, sus similitudes y diferencias con el voluntariado; se analizan las competencias que los y las jóvenes adquieren; se definen y caracterizan a las ONGs en América Latina y Argentina; se distingue desde su perspectiva y la experiencia que han adquirido a lo largo de su trayectoria laboral. Por último, se interpreta qué significa para ellos y ellas el trabajo y los obstáculos para acceder a éste. Para llegar a tal fin, se utiliza una metodología cualitativa en base a entrevistas semi-estructuradas, con el objetivo de conocer las diferentes competencias, motivaciones y perspectivas sobre el trabajo que adquieren los y las jóvenes de dicha organización.
540 ## - TERMS GOVERNING USE AND REPRODUCTION NOTE
Terms governing use and reproduction Esta obra está bajo una Licencia Creative Commons Argentina. Atribución 4.0
Uniform Resource Identifier <a href="https://creativecommons.org/licenses/by/4.0/ ">https://creativecommons.org/licenses/by/4.0/ </a>
630 #0 - SUBJECT ADDED ENTRY--UNIFORM TITLE
9 (RLIN) 11493
Uniform title Licenciatura en Relaciones del Trabajo
650 27 - SUBJECT ADDED ENTRY--TOPICAL TERM
9 (RLIN) 606
Topical term or geographic name as entry element TRABAJO
Source of heading or term unescot
650 27 - SUBJECT ADDED ENTRY--TOPICAL TERM
9 (RLIN) 6891
Topical term or geographic name as entry element VOLUNTARIOS
Source of heading or term unescot
650 27 - SUBJECT ADDED ENTRY--TOPICAL TERM
9 (RLIN) 4069
Topical term or geographic name as entry element ORGANIZACIONES NO GUBERNAMENTALES
Source of heading or term unescot
650 27 - SUBJECT ADDED ENTRY--TOPICAL TERM
9 (RLIN) 3002
Topical term or geographic name as entry element JOVEN
Source of heading or term unescot
650 27 - SUBJECT ADDED ENTRY--TOPICAL TERM
9 (RLIN) 407
Topical term or geographic name as entry element COMPETENCIA PROFESIONAL
Source of heading or term unescot
700 1# - ADDED ENTRY--PERSONAL NAME
9 (RLIN) 14625
Personal name Barbenza, Ezequiel
Relator term Dirección
856 41 - ELECTRONIC LOCATION AND ACCESS
Uniform Resource Identifier <a href="https://biblioarchivo.unaj.edu.ar/mostrar/pdf/scvsdf/erwe/7b2bd0688988be48ea3a81cbf00aa2cc18b5e71e">https://biblioarchivo.unaj.edu.ar/mostrar/pdf/scvsdf/erwe/7b2bd0688988be48ea3a81cbf00aa2cc18b5e71e</a>
Electronic format type application/pdf
942 ## - ADDED ENTRY ELEMENTS (KOHA)
Source of classification or shelving scheme Dewey Decimal Classification
Item type Trabajo final de grado
980 ## - EQUIVALENCE OR CROSS-REFERENCE-SERIES STATEMENT--PERSONAL NAME/TITLE [LOCAL, CANADA]
Field link and sequence number 20072
Miscellaneous information Matías Regueira
Linkage 20072
Personal name Regueira
Holdings
Withdrawn status Lost status Source of classification or shelving scheme Damaged status Not for loan Collection code Home library Current library Date acquired Barcode Date last seen Uniform Resource Identifier Price effective from Koha item type
    Dewey Decimal Classification   Acceso en línea Instituto de Ciencias Sociales y Administración Repositorio Institucional Digital UNAJ Repositorio Institucional Digital UNAJ 03/11/2021 RID21110041 03/11/2021 https://biblioarchivo.unaj.edu.ar/mostrar/pdf/scvsdf/erwe/7b2bd0688988be48ea3a81cbf00aa2cc18b5e71e 03/11/2021 Trabajo final de grado

Lunes a Viernes 8:30 a 19:00 hs. Cerrado por mudanza
Av.Calchaqui 6200 Florencio Varela (CP188) 2°piso Edificio Mosconi Aula 209-210
Mail: bibliotecacentralunaj@gmail.com  
Whatsapp(54 9)1122668024    ❔Pregunte a la bibliotecaria
© Universidad Nacional Arturo Jauretche | Secretaría Académica | Biblioteca Central UNAJ